000
00286nam a22001337a 4500
008
190306b xxu||||| |||| 00| 0 eng d
020
_a
2740230522382
041
_a
eng
080
_a
159.9
100
_a
49
101
_a
PSI
245
_a
Social Psychology
_c
Aronson
942
_2
udc
_c
BK
999
_c
54649
_d
54649